000
00265nam a22001217a 4500
008
170322b xxu||||| |||| 00| 0 eng d
041
_a
eng
080
_a
616.9
100
_a
8
101
_a
SH,
245
_a
COMPLETE HOME MEDICAL GIDE
_c
TAPLEY.D.F
942
_2
udc
_c
BK
999
_c
8414
_d
8414